书目信息 |
| 题名: |
历史的客观性研究
|
|
| 作者: | 刘雄伟 著 | |
| 分册: | ||
| 出版信息: | 北京 中国社会科学出版社 2016 |
|
| 页数: | 272页 | |
| 开本: | 23cm | |
| 丛书名: | 哲学基础理论研究丛书 | |
| 单 册: | ||
| 中图分类: | K01 | |
| 科图分类: | ||
| 主题词: | 历史哲学--li shi zhe xue--研究 | |
| 电子资源: | ||
| ISBN: | 978-7-5161-8240-6 | |
| 000 | 01196nam0 22002531 450 | |
| 001 | 1760807566 | |
| 005 | 20170619171912.0 | |
| 010 | @a978-7-5161-8240-6@dCNY66.00 | |
| 100 | @a20161008d2016 kemy0chiy50 ea | |
| 101 | 0 | @achi |
| 102 | @aCN@b110000 | |
| 105 | @ay v 000yy | |
| 106 | @ar | |
| 200 | 1 | @a历史的客观性研究@9li shi de ke guan xing yan jiu@f刘雄伟著 |
| 210 | @a北京@c中国社会科学出版社@d2016 | |
| 215 | @a272页@d23cm | |
| 225 | 2 | @a哲学基础理论研究丛书@9zhe xue ji chu li lun yan jiu cong shu |
| 330 | @a历史的客观性问题不仅是一个历史哲学界所争论的核心问题,而且是一个关涉全部人文社会科学合法性的基本问题。马克思借助于黑格尔“思想的内涵逻辑”,在存在论的意义上澄明了人类现实的历史。一方面,马克思把对个人的理解诉诸人们所创造的现实历史,另一方面,他又通过对现实历史的政治经济学批判来寻求现实个人的解放道路。本书重新彰显马克思对“现实历史”的存在论澄明,不仅有利于破解对历史唯物主义的教条化理解,而且有利于在学理上回击当前甚嚣尘上的历史虚无主义。 | |
| 461 | 0 | @12001 @a哲学基础理论研究丛书 |
| 606 | 0 | @a历史哲学@9li shi zhe xue@x研究 |
| 690 | @aK01@v5 | |
| 701 | 0 | @a刘雄伟@9liu xiong wei@f(1983~)@4著 |
| 801 | 0 | @aCN@b百万庄@c20170617 |
| 905 | @b1013412-4@dK01@e122@f3 | |
| 历史的客观性研究/刘雄伟著 .-北京:中国社会科学出版社,2016 |
| 272页;23cm.-(哲学基础理论研究丛书) |
| ISBN 978-7-5161-8240-6:CNY66.00 |
| 历史的客观性问题不仅是一个历史哲学界所争论的核心问题,而且是一个关涉全部人文社会科学合法性的基本问题。马克思借助于黑格尔“思想的内涵逻辑”,在存在论的意义上澄明了人类现实的历史。一方面,马克思把对个人的理解诉诸人们所创造的现实历史,另一方面,他又通过对现实历史的政治经济学批判来寻求现实个人的解放道路。本书重新彰显马克思对“现实历史”的存在论澄明,不仅有利于破解对历史唯物主义的教条化理解,而且有利于在学理上回击当前甚嚣尘上的历史虚无主义。 |
| ● |
| 相关链接 |
|
|
|
|
正题名:历史的客观性研究
索取号:K01/122
 
预约/预借
| 序号 | 登录号 | 条形码 | 馆藏地/架位号 | 状态 | 备注 |
| 1 | 1013412 | 210134120 | 第二样本阅览室/ [索取号:K01/122] | 在馆 | |
| 2 | 1013413 | 210134139 | 教育系资料室/ [索取号:K01/122] | 在馆 | |
| 3 | 1013414 | 210134148 | 第二借阅区/ [索取号:K01/122] | 在馆 |